| 000 | 01997nab a2200289 ab4500 | ||
|---|---|---|---|
| 005 | 20260630145246.0 | ||
| 008 | 260604b2025 sp tr poo| 0 0 spa d | ||
| 003 | |||
| 040 |
_aMX-MxUPN _bspa _cMX-MxUPN _eaacr2 |
||
| 100 | 1 |
_aLópez Doblas, Juan _960162 |
|
| 100 | 1 |
_aDíaz Conde, María del Pilar _960163 |
|
| 245 | 1 | 1 |
_a«La pandemia nos ha pasado factura» : _bla salud mental de las personas mayores viviendo solas en tiempos de la COVID-19 _h[recurso electrónico en línea] |
| 506 | 0 | _aAcceso abierto | |
| 520 | 3 |
_aEste trabajo aborda los efectos que la pandemia de COVID-19 ha generado sobre la salud mental de las personas mayores que la han experimentado viviendo solas. Presenta resultados de un estudio cualitativo, desarrollado mediante entrevistas semiestructuradas, bajo las directrices metodológicas de la Teoría Fundamentada tanto en el proceso de recogida de la información (muestreo teórico de 102 entrevistas), como en su codificación y análisis (método comparativo constante). Los resultados permiten comprender lo mucho que se vieron afectadas por síntomas depresivos o de ansiedad durante la pandemia, cuya incidencia vinculan con su estado de soledad y escaso contacto social. Soledad y salud mental parecen haber ejercido un efecto sinérgico. También revelan su vulnerabilidad en tiempos de crisis y las consecuencias de que las necesidades emocionales queden sin cubrir en la vejez. _cREIS |
|
| 650 | 7 |
_aAnsiedad _2 _94750 |
|
| 650 | 0 |
_aCOVID-19 (Enfermedad) _948104 |
|
| 650 | 2 |
_aDepresión mental _97508 |
|
| 650 | 4 |
_aSalud mental _922888 |
|
| 653 | _aMetodología cualitativa | ||
| 650 | 2 |
_aAdultos mayores _927578 |
|
| 650 | 2 |
_aSoledad _914185 |
|
| 773 |
_gNo. 192 (2025), p. 149-166 _tREIS: revista española de investigaciones sociológicas _x1988-5903 |
||
| 856 | 4 | _uhttps://reis.cis.es/index.php/reis/article/view/2381 | |
| 856 | 4 | _uhttps://reis.cis.es/index.php/reis/article/view/2381/3008 | |
| 902 | _aLeonor Sotres/300626 | ||
| 942 | _cART-E | ||
| 999 |
_c215478 _d215478 |
||